000 01475cam a2200421 b4500
999 _c23494
_d23494
001 vtls011634781
005 20221013130220.0
008 210624s2017 xo gr 000 fdslo
020 _a9788081594694
_q(viazané)
035 _a1CF8DE6C-912C-418A-B04D-D250BAC91665
035 _aurn:nbn:sk:snk-am3ie6g
035 _aurn:nbn:sk:snk-am00e6mp
040 _aGAGK
_bslo
_cGAGK
_dSNK
_erda
041 1 _aslo
_hnor
044 _axo
_cSK
072 7 _a821.11
_xGermánske literatúry
_2konspekt
080 _a821.113.4-31
_22011
080 _a(0:82-312.4)
_22011
100 1 _aSveen, Gard,
_d1969-
_4aut
_93722
240 1 0 _aBlod i dans
_lSlovensky
245 1 0 _aRozbúrená krv
_cGard Sveen ; z nórčiny preložila Zuzana Demjánová
246 1 _i3. zväzok série:
_aTommy Bergmann
250 _aPrvé vydanie
260 _a[Bratislava]
_bPremedia
_c2017
300 _a218 strán
_c21 cm
490 1 _aLabyrint
_v26. zväzok
500 _aNa obálke: Od autora severskej detektívky roku 2014
500 _aVydavateľské údaje podľa NA ISBN
500 _aObsahuje biografické údaje o autorovi na prebale publikácie
655 7 _anórske romány
_2SNKPH
_92134
655 7 _adetektívne romány
_2SNKPH
_91710
655 7 _aNorwegian fiction
_2SNKPHeng
_92136
655 7 _aDetective novels
_2SNKPHeng
_91711
700 1 _aDemjánová, Zuzana,
_d1977
_4trl
_93662
700 1 _aSveen, Gard,
_d1969-
_tPeklo je otvorené
_93726
958 _aLX
958 _aUP